000
00335nam a2200145Ia 4500
008
210210b1909 xxu||||| |||| 00| 0 eng d
041
_a
eng
082
_a
516/17
100
_a
COX (John)
245
_a
Mechanics
260
_a
Cambridge
_b
At the University Press
_c
1909
650
_a
Mechanics
690
_a
statics
906
_a
007734
999
_c
140352
_d
140352